[Event "English Womens Championships 2024"]
[Site "Kenilworth, United Kingdom"]
[Date "2024.06.22"]
[Round "6.7"]
[White "Hardwick, Alexandra"]
[Black "Milewska, Agnieszka"]
[Result "1-0"]
[TimeControl "G:90 minutes + 30 seconds added per move"]
[WhiteFideId "422355"]
[BlackFideId "1196391"]
[WhiteElo "1813"]
[BlackElo "1769"]

1. d4 {[%clk 01:30:56]} {[%emt 00:00:02]} d5 {[%clk 01:29:13]} {[%emt
00:01:49]} 2. c4 {[%clk 01:31:25]} {[%emt 00:00:01]} e6 {[%clk 01:29:37]}
{[%emt 00:00:05]} 3. cxd5 {[%clk 01:31:50]} {[%emt 00:00:06]} exd5 {[%clk
01:29:57]} {[%emt 00:00:10]} 4. Nc3 {[%clk 01:32:12]} {[%emt 00:00:07]} Nf6
{[%clk 01:30:11]} {[%emt 00:00:17]} 5. Bg5 {[%clk 01:32:38]} {[%emt 00:00:04]}
Bb4 {[%clk 01:28:51]} {[%emt 00:01:49]} 6. e3 {[%clk 01:31:30]} {[%emt
00:01:38]} Bxc3+ {[%clk 01:27:07]} {[%emt 00:02:14]} 7. bxc3 {[%clk 01:31:48]}
{[%emt 00:00:12]} O-O {[%clk 01:26:40]} {[%emt 00:00:58]} 8. Bd3 {[%clk
01:32:05]} {[%emt 00:00:13]} h6 {[%clk 01:26:59]} {[%emt 00:00:11]} 9. Bh4
{[%clk 01:32:09]} {[%emt 00:00:27]} c6 {[%clk 01:25:20]} {[%emt 00:02:09]} 10.
Qc2 {[%clk 01:32:02]} {[%emt 00:00:36]} Be6 {[%clk 01:24:52]} {[%emt 00:00:58]}
11. Nf3 {[%clk 01:32:22]} {[%emt 00:00:09]} Nbd7 {[%clk 01:24:45]} {[%emt
00:00:38]} 12. O-O {[%clk 01:32:10]} {[%emt 00:00:41]} Re8 {[%clk 01:19:14]}
{[%emt 00:06:01]} 13. a4 {[%clk 01:32:24]} {[%emt 00:00:17]} Bg4 {[%clk
01:19:22]} {[%emt 00:00:22]} 14. Nd2 {[%clk 01:31:47]} {[%emt 00:01:07]} Qc7
{[%clk 01:16:39]} {[%emt 00:03:13]} 15. Bg3 {[%clk 01:31:32]} {[%emt 00:00:46]}
Qc8 {[%clk 01:16:54]} {[%emt 00:00:15]} 16. c4 {[%clk 01:31:16]} {[%emt
00:00:45]} b6 {[%clk 01:15:25]} {[%emt 00:01:59]} 17. Rfc1 {[%clk 01:30:22]}
{[%emt 00:01:24]} Be6 {[%clk 01:14:57]} {[%emt 00:00:58]} 18. cxd5 {[%clk
01:28:56]} {[%emt 00:01:57]} cxd5 {[%clk 01:15:18]} {[%emt 00:00:09]} 19. Qd1
{[%clk 01:24:47]} {[%emt 00:04:39]} Qd8 {[%clk 01:15:39]} {[%emt 00:00:09]} 20.
Ba6 {[%clk 01:23:57]} {[%emt 00:01:20]} Rb8 {[%clk 01:08:16]} {[%emt 00:07:52]}
21. Bxb8 {[%clk 01:24:07]} {[%emt 00:00:21]} Qxb8 {[%clk 01:08:44]} {[%emt
00:00:02]} 22. Qc2 {[%clk 01:22:59]} {[%emt 00:01:37]} Qd6 {[%clk 01:07:49]}
{[%emt 00:01:25]} 23. Rab1 {[%clk 01:16:46]} {[%emt 00:06:44]} Nb8 {[%clk
01:04:05]} {[%emt 00:04:14]} 24. Bd3 {[%clk 01:14:47]} {[%emt 00:02:29]} Ng4
{[%clk 01:04:05]} {[%emt 00:00:30]} 25. Nf3 {[%clk 01:14:59]} {[%emt 00:00:18]}
Rc8 {[%clk 01:01:50]} {[%emt 00:02:45]} 26. Qxc8+ {[%clk 01:14:37]} {[%emt
00:00:53]} 1-0

[Event "English Womens Championships 2024"]
[Site "Kenilworth, United Kingdom"]
[Date "2024.06.22"]
[Round "6.8"]
[White "Fernando, Manel"]
[Black "Khunda, Deema"]
[Result "1-0"]
[TimeControl "G:90 minutes + 30 seconds added per move"]
[WhiteFideId "439606"]
[BlackFideId "499730"]
[WhiteElo "1725"]
[BlackElo "1648"]

1. d4 {[%clk 01:30:58]} {[%emt 00:00:01]} g6 {[%clk 01:30:17]} {[%emt
00:00:43]} 2. Bf4 {[%clk 01:30:56]} {[%emt 00:00:32]} Bg7 {[%clk 01:30:07]}
{[%emt 00:00:13]} 3. Nf3 {[%clk 01:31:15]} {[%emt 00:00:38]} d6 {[%clk
01:30:10]} {[%emt 00:00:27]} 4. e3 {[%clk 01:30:57]} {[%emt 00:00:48]} c5
{[%clk 01:30:06]} {[%emt 00:00:35]} 5. c3 {[%clk 01:30:42]} {[%emt 00:00:44]}
Nf6 {[%emt 00:02:04]} 6. h3 {[%clk 01:30:21]} {[%emt 00:00:49]} Qb6 {[%clk
01:27:17]} {[%emt 00:01:48]} 7. Qb3 {[%clk 01:30:05]} {[%emt 00:00:45]} Be6
{[%clk 01:24:09]} {[%emt 00:03:38]} 8. Qxb6 {[%clk 01:29:03]} {[%emt 00:01:32]}
axb6 {[%clk 01:24:27]} {[%emt 00:00:12]} 9. a3 {[%clk 01:28:34]} {[%emt
00:00:59]} O-O {[%clk 01:22:07]} {[%emt 00:02:49]} 10. Bd3 {[%clk 01:28:27]}
{[%emt 00:00:38]} Na6 {[%clk 01:21:57]} {[%emt 00:00:40]} 11. Nbd2 {[%clk
01:28:08]} {[%emt 00:00:49]} Rac8 {[%clk 01:18:51]} {[%emt 00:03:36]} 12. O-O
{[%clk 01:28:19]} {[%emt 00:00:19]} Bd7 {[%clk 01:17:51]} {[%emt 00:01:31]} 13.
Rfd1 {[%clk 01:27:33]} {[%emt 00:01:15]} b5 {[%clk 01:17:23]} {[%emt 00:00:58]}
14. Ne4 {[%clk 01:23:40]} {[%emt 00:04:23]} Nd5 {[%clk 01:14:25]} {[%emt
00:03:28]} 15. Bg3 {[%clk 01:23:40]} {[%emt 00:00:30]} b4 {[%clk 01:13:46]}
{[%emt 00:01:10]} 16. axb4 {[%clk 01:19:55]} {[%emt 00:04:16]} cxb4 {[%clk
01:12:55]} {[%emt 00:01:20]} 17. Bxa6 {[%clk 01:17:37]} {[%emt 00:02:47]} bxa6
{[%clk 01:13:01]} {[%emt 00:00:24]} 18. Rxa6 {[%clk 01:13:50]} {[%emt
00:04:17]} bxc3 {[%clk 01:10:46]} {[%emt 00:02:46]} 19. bxc3 {[%clk 01:13:34]}
{[%emt 00:00:45]} Nxc3 {[%clk 01:10:09]} {[%emt 00:01:07]} 20. Nxc3 {[%clk
01:13:34]} {[%emt 00:00:30]} Rxc3 {[%clk 01:10:28]} {[%emt 00:00:11]} 21. Ra7
{[%clk 01:13:49]} {[%emt 00:00:15]} Rd8 {[%clk 01:10:20]} {[%emt 00:00:38]} 22.
Rb1 {[%clk 01:12:24]} {[%emt 00:01:56]} Kf8 {[%clk 01:09:27]} {[%emt 00:01:22]}
23. Rbb7 {[%clk 01:11:54]} {[%emt 00:01:01]} Ke8 {[%clk 01:09:16]} {[%emt
00:00:40]} 24. Ng5 {[%clk 01:09:44]} {[%emt 00:02:40]} h5 {[%clk 01:06:14]}
{[%emt 00:03:31]} 25. Nxf7 {[%clk 01:09:47]} {[%emt 00:00:28]} Kxf7 {[%clk
01:06:29]} {[%emt 00:00:15]} 26. Rxd7 {[%clk 01:10:06]} {[%emt 00:00:12]} Rxd7
{[%clk 01:05:45]} {[%emt 00:01:14]} 27. Rxd7 {[%clk 01:10:30]} g5 {[%clk
01:05:45]} 28. Bxd6 {[%clk 01:10:30]} Bf6 {[%clk 01:05:45]} 29. Bg3 {[%clk
01:10:30]} {[%emt 00:00:06]} Bg7 {[%emt 00:00:58]} 30. Bd6 {[%clk 01:10:27]}
Bf6 {[%clk 01:05:48]} {[%emt 00:00:32]} 31. Bc5 {[%clk 01:08:25]} {[%emt
00:02:31]} Ke6 {[%clk 01:04:54]} {[%emt 00:01:24]} 32. Rd8 {[%clk 01:08:29]}
{[%emt 00:00:26]} Kf5 {[%clk 01:04:18]} {[%emt 00:01:05]} 33. Rf8 {[%clk
01:08:19]} {[%emt 00:00:41]} Ke6 {[%clk 01:03:14]} {[%emt 00:01:35]} 34. g3
{[%clk 01:06:51]} {[%emt 00:01:57]} Kf5 {[%clk 01:00:25]} {[%emt 00:03:19]} 35.
Bxe7 {[%clk 01:07:00]} {[%emt 00:00:21]} Rc7 {[%clk 01:00:25]} {[%emt
00:00:31]} 36. Bxf6 {[%clk 01:06:45]} {[%emt 00:00:45]} Ke4 {[%clk 01:00:25]}
{[%emt 00:00:30]} 37. Bxg5 {[%clk 01:06:36]} {[%emt 00:00:39]} 1-0

[Event "English Womens Championships 2024"]
[Site "Kenilworth, United Kingdom"]
[Date "2024.06.22"]
[Round "6.10"]
[White "Mehta, Sophie"]
[Black "Singha, Swati"]
[Result "1-0"]
[TimeControl "G:90 minutes + 30 seconds added per move"]
[WhiteFideId "487996"]
[BlackFideId "45013004"]
[WhiteElo "1670"]
[BlackElo "1719"]

1. d4 {[%clk 01:30:58]} {[%emt 01:22:17]} e6 {[%clk 01:30:53]} {[%emt
00:00:08]} 2. Bf4 {[%clk 01:31:21]} {[%emt 00:00:07]} d5 {[%clk 01:31:04]}
{[%emt 00:00:21]} 3. e3 {[%clk 01:31:42]} {[%emt 00:00:08]} Bb4+ {[%clk
01:31:01]} {[%emt 00:00:32]} 4. c3 {[%clk 01:31:55]} {[%emt 00:00:17]} Bd6
{[%clk 01:31:20]} {[%emt 00:00:11]} 5. Bg3 {[%clk 01:32:18]} {[%emt 00:00:07]}
Nf6 {[%clk 01:31:39]} {[%emt 00:00:11]} 6. Nf3 {[%clk 01:32:29]} {[%emt
00:00:17]} Nc6 {[%clk 01:31:50]} {[%emt 00:00:20]} 7. Nbd2 {[%clk 01:32:46]}
{[%emt 00:00:13]} Qe7 {[%clk 01:31:49]} {[%emt 00:00:31]} 8. Bd3 {[%clk
01:30:56]} {[%emt 00:02:17]} e5 {[%clk 01:27:39]} {[%emt 00:04:44]} 9. dxe5
{[%clk 01:31:13]} {[%emt 00:00:14]} Nxe5 {[%clk 01:28:00]} {[%emt 00:00:06]} 10.
Nxe5 {[%clk 01:31:31]} {[%emt 00:00:13]} Bxe5 {[%clk 01:28:25]} {[%emt
00:00:06]} 11. O-O {[%clk 01:31:35]} {[%emt 00:00:26]} Bxg3 {[%clk 01:26:17]}
{[%emt 00:02:39]} 12. hxg3 {[%clk 01:31:38]} {[%emt 00:00:24]} Ng4 {[%clk
01:24:29]} {[%emt 00:02:19]} 13. e4 {[%clk 01:29:34]} {[%emt 00:02:33]} Ne5
{[%clk 01:20:26]} {[%emt 00:04:34]} 14. Bc2 {[%clk 01:25:11]} {[%emt 00:04:52]}
Bg4 {[%clk 01:16:11]} {[%emt 00:04:46]} 15. Ba4+ {[%clk 01:25:03]} {[%emt
00:00:38]} c6 {[%clk 01:16:14]} {[%emt 00:00:27]} 16. Qc2 {[%clk 01:23:18]}
{[%emt 00:02:12]} O-O-O {[%clk 01:14:12]} {[%emt 00:02:35]} 17. exd5 {[%clk
01:21:03]} {[%emt 00:02:45]} cxd5 {[%clk 01:13:02]} {[%emt 00:01:41]} 18. c4
{[%clk 01:18:17]} {[%emt 00:03:16]} d4 {[%clk 01:12:53]} {[%emt 00:00:38]} 19.
c5 {[%clk 01:17:33]} {[%emt 00:01:14]} d3 {[%clk 01:03:17]} {[%emt 00:10:07]}
20. Qc3 {[%clk 01:16:54]} {[%emt 00:00:48]} Qc7 {[%clk 01:00:23]} {[%emt
00:03:43]} 21. Ne4 {[%clk 01:12:49]} {[%emt 00:04:30]} Kb8 {[%clk 00:52:38]}
{[%emt 00:08:21]} 22. Nd6 {[%clk 01:11:34]} {[%emt 00:01:44]} f6 {[%clk
00:47:36]} {[%emt 00:05:34]} 23. Nb5 {[%clk 01:11:15]} {[%emt 00:00:48]} Qe7
{[%clk 00:38:57]} {[%emt 00:09:01]} 24. Nd6 {[%clk 01:05:43]} {[%emt 00:06:10]}
Be2 {[%clk 00:32:38]} {[%emt 00:06:49]} 25. Rfe1 {[%clk 01:04:37]} {[%emt
00:01:06]} Qc7 {[%clk 00:28:23]} {[%emt 00:05:15]} 26. Nb5 {[%clk 01:03:19]}
{[%emt 00:01:44]} Qe7 {[%clk 00:25:33]} {[%emt 00:03:20]} 27. Nd6 {[%clk
01:03:44]} {[%emt 00:00:10]} Qc7 {[%clk 00:25:15]} {[%emt 00:00:46]} 28. Nb5
{[%clk 01:04:01]} {[%emt 00:00:13]} Qf7 {[%clk 00:15:52]} {[%emt 00:09:52]} 29.
Nd4 {[%clk 01:01:10]} {[%emt 00:03:21]} Qh5 {[%clk 00:13:32]} {[%emt 00:02:50]}
30. f3 {[%clk 00:54:47]} {[%emt 00:06:51]} Qg6 {[%clk 00:05:37]} {[%emt
00:08:28]} 31. Nxe2 {[%clk 00:51:05]} {[%emt 00:04:11]} dxe2 {[%clk 00:05:56]}
{[%emt 00:00:11]} 32. Rxe2 {[%clk 00:48:41]} {[%emt 00:02:54]} Qxg3 {[%clk
00:05:41]} {[%emt 00:00:45]} 33. Bc2 {[%clk 00:45:45]} {[%emt 00:03:23]} h5
{[%clk 00:05:43]} {[%emt 00:00:31]} 34. Re3 {[%clk 00:44:49]} {[%emt 00:01:24]}
h4 {[%clk 00:04:58]} {[%emt 00:01:17]} 35. Qe1 {[%clk 00:44:57]} {[%emt
00:00:21]} Qg5 {[%clk 00:05:01]} {[%emt 00:00:29]} 36. Qf2 {[%clk 00:43:52]}
{[%emt 00:01:34]} Qh6 {[%clk 00:03:25]} {[%emt 00:02:06]} 37. Be4 {[%clk
00:40:08]} {[%emt 00:04:14]} Rd7 {[%clk 00:01:43]} {[%emt 00:02:13]} 38. Bf5
{[%clk 00:39:25]} {[%emt 00:01:11]} Rdd8 {[%clk 00:01:26]} {[%emt 00:00:49]} 39.
Be4 {[%clk 00:39:12]} {[%emt 00:00:42]} g6 {[%clk 00:01:40]} {[%emt 00:00:16]}
40. c6 {[%clk 00:38:30]} {[%emt 00:01:12]} Nxc6 {[%clk 00:01:24]} {[%emt
00:00:46]} 41. Bxc6 {[%clk 00:38:46]} {[%emt 00:00:15]} bxc6 {[%clk 00:01:51]}
{[%emt 00:00:02]} 42. Re7 {[%clk 00:37:46]} {[%emt 00:01:30]} c5 {[%clk
00:01:13]} {[%emt 00:01:09]} 43. Qxc5 {[%clk 00:38:00]} {[%emt 00:00:16]} Rd2
{[%clk 00:00:31]} {[%emt 00:01:13]} 44. Qxa7+ {[%clk 00:38:17]} {[%emt
00:00:12]} Kc8 {[%emt 00:00:27]} 45. Qa4 {[%emt 00:00:29]} 1-0

[Event "English Womens Championships 2024"]
[Site "Kenilworth, United Kingdom"]
[Date "2024.06.23"]
[Round "7.1"]
[White "Varney, Zoe"]
[Black "Toma, Katarzyna"]
[Result "1/2-1/2"]
[TimeControl "G:90 minutes + 30 seconds added per move"]
[WhiteFideId "436135"]
[BlackFideId "1119907"]
[WhiteElo "2070"]
[BlackElo "2220"]

1. e4 {[%clk 01:28:25]} {[%emt 00:02:34]} c5 {[%clk 01:30:55]} {[%emt
00:00:05]} 2. Nf3 {[%clk 01:28:40]} {[%emt 00:00:15]} d6 {[%clk 01:30:25]}
{[%emt 00:01:01]} 3. c3 {[%clk 01:27:38]} {[%emt 00:01:31]} Nf6 {[%clk
01:28:58]} {[%emt 00:01:57]} 4. h3 {[%clk 01:27:17]} {[%emt 00:00:51]} Nc6
{[%clk 01:26:28]} {[%emt 00:03:00]} 5. Bd3 {[%clk 01:26:46]} {[%emt 00:01:00]}
e5 {[%clk 01:25:24]} {[%emt 00:01:35]} 6. Bc2 {[%clk 01:24:17]} {[%emt
00:03:00]} Be7 {[%clk 01:20:12]} {[%emt 00:05:42]} 7. O-O {[%clk 01:19:18]}
{[%emt 00:05:28]} O-O {[%clk 01:14:16]} {[%emt 00:06:26]} 8. Re1 {[%clk
01:15:14]} {[%emt 00:04:35]} a6 {[%clk 01:07:08]} {[%emt 00:07:38]} 9. d4
{[%clk 01:07:19]} {[%emt 00:08:24]} b5 {[%clk 01:05:17]} {[%emt 00:02:21]} 10.
d5 {[%clk 00:53:23]} {[%emt 00:14:26]} Na5 {[%clk 01:05:21]} {[%emt 00:00:26]}
11. Nbd2 {[%clk 00:52:45]} {[%emt 00:01:08]} Re8 {[%clk 01:04:24]} {[%emt
00:01:27]} 12. Qe2 {[%clk 00:46:08]} {[%emt 00:07:07]} Bd7 {[%clk 00:58:53]}
{[%emt 00:06:01]} 13. Nh2 {[%clk 00:29:55]} {[%emt 00:16:43]} Bf8 {[%clk
00:54:00]} {[%emt 00:05:23]} 14. Nhf1 {[%clk 00:26:49]} {[%emt 00:03:36]} g6
{[%clk 00:53:22]} {[%emt 00:01:08]} 15. Kh2 {[%clk 00:24:33]} {[%emt 00:02:46]}
Bh6 {[%clk 00:50:01]} {[%emt 00:03:51]} 16. Ne3 {[%clk 00:23:00]} {[%emt
00:02:03]} Qc8 {[%clk 00:33:54]} {[%emt 00:16:37]} 17. Qf1 {[%clk 00:20:34]}
{[%emt 00:02:55]} Nh5 {[%clk 00:31:34]} {[%emt 00:02:51]} 18. g3 {[%clk
00:10:59]} {[%emt 00:10:05]} Rf8 {[%clk 00:25:10]} {[%emt 00:06:54]} 19. Nb3
{[%clk 00:07:49]} {[%emt 00:03:40]} Nb7 {[%clk 00:24:28]} {[%emt 00:01:12]} 20.
Nf5 {[%clk 00:06:23]} {[%emt 00:01:56]} gxf5 {[%clk 00:22:44]} {[%emt
00:02:13]} 21. Bxh6 {[%clk 00:06:47]} {[%emt 00:00:06]} Ng7 {[%clk 00:22:56]}
{[%emt 00:00:19]} 22. f4 {[%clk 00:04:58]} {[%emt 00:02:19]} f6 {[%clk
00:20:57]} {[%emt 00:02:28]} 23. Nd2 {[%clk 00:04:54]} {[%emt 00:00:35]} c4
{[%clk 00:18:25]} {[%emt 00:03:01]} 24. a4 {[%clk 00:04:25]} {[%emt 00:01:00]}
Nc5 {[%clk 00:18:16]} {[%emt 00:00:39]} 25. axb5 {[%clk 00:02:50]} {[%emt
00:02:05]} axb5 {[%clk 00:18:41]} {[%emt 00:00:05]} 26. Qg2 {[%clk 00:02:29]}
{[%emt 00:00:50]} fxe4 {[%clk 00:15:36]} {[%emt 00:03:35]} 27. fxe5 {[%clk
00:02:55]} {[%emt 00:00:04]} fxe5 {[%clk 00:15:07]} {[%emt 00:01:00]} 28. Nxe4
{[%clk 00:02:19]} {[%emt 00:01:06]} Nxe4 {[%clk 00:14:10]} {[%emt 00:01:26]} 29.
Bxe4 {[%clk 00:01:58]} {[%emt 00:00:51]} Bf5 {[%clk 00:10:52]} {[%emt
00:03:48]} 30. Rxa8 {[%clk 00:02:02]} {[%emt 00:00:27]} Qxa8 {[%clk 00:11:16]}
{[%emt 00:00:06]} 31. Bxf5 {[%clk 00:02:25]} {[%emt 00:00:07]} Rxf5 {[%clk
00:11:30]} {[%emt 00:00:16]} 32. Bxg7 {[%clk 00:01:05]} {[%emt 00:01:50]} Kxg7
{[%clk 00:11:50]} {[%emt 00:00:09]} 33. Re2 {[%clk 00:01:07]} {[%emt 00:00:28]}
Qa1 {[%clk 00:10:46]} {[%emt 00:01:34]} 34. Rf2 {[%clk 00:01:13]} {[%emt
00:00:24]} Qb1 {[%clk 00:09:38]} {[%emt 00:01:38]} 35. Rxf5 {[%clk 00:01:12]}
{[%emt 00:00:32]} Qxf5 {[%clk 00:10:03]} {[%emt 00:00:05]} 36. Qd2 {[%clk
00:01:29]} {[%emt 00:00:13]} e4 {[%clk 00:09:13]} {[%emt 00:01:20]} 37. Qd4+
{[%clk 00:01:33]} {[%emt 00:00:25]} Kg6 {[%clk 00:09:20]} {[%emt 00:00:24]} 38.
h4 {[%clk 00:00:53]} {[%emt 00:01:10]} Qf3 {[%clk 00:08:26]} {[%emt 00:01:23]}
39. Qh8 {[%clk 00:01:04]} {[%emt 00:00:20]} Qf2+ {[%clk 00:07:55]} {[%emt
00:01:01]} 40. Kh3 {[%clk 00:01:18]} {[%emt 00:00:16]} Qf5+ {[%clk 00:08:15]}
{[%emt 00:00:10]} 41. g4 {[%clk 00:01:06]} {[%emt 00:00:41]} Qxd5 {[%clk
00:06:09]} {[%emt 00:02:36]} 42. Qe8+ {[%clk 00:00:58]} {[%emt 00:00:38]} Kf6
{[%clk 00:05:47]} {[%emt 00:00:51]} 43. Qh8+ {[%clk 00:01:00]} {[%emt
00:00:29]} Ke6 {[%clk 00:04:33]} {[%emt 00:01:45]} 44. Qe8+ {[%clk 00:01:25]}
{[%emt 00:00:05]} Kf6 {[%clk 00:04:49]} {[%emt 00:00:13]} 45. Qh8+ {[%clk
00:01:29]} {[%emt 00:00:26]} Ke6 {[%clk 00:01:44]} {[%emt 00:03:36]} 46. Qe8+
{[%emt 00:00:15]} 1/2-1/2

[Event "English Womens Championships 2024"]
[Site "Kenilworth, United Kingdom"]
[Date "2024.06.23"]
[Round "7.2"]
[White "Mirzoeva, Elmira"]
[Black "Hryshchenko, Kamila"]
[Result "1-0"]
[TimeControl "G:90 minutes + 30 seconds added per move"]
[WhiteFideId "4127951"]
[BlackFideId "14147491"]
[WhiteElo "2260"]
[BlackElo "2161"]

1. d4 {[%clk 01:30:56]} {[%emt 00:00:03]} d6 {[%clk 01:27:41]} {[%emt
00:03:20]} 2. Nf3 {[%clk 01:30:55]} {[%emt 00:00:30]} g6 {[%clk 01:28:05]}
{[%emt 00:00:06]} 3. b3 {[%clk 01:31:08]} {[%emt 00:00:18]} Bg7 {[%clk
01:28:29]} {[%emt 00:00:05]} 4. Bb2 {[%clk 01:31:33]} {[%emt 00:00:04]} Nf6
{[%clk 01:28:44]} {[%emt 00:00:17]} 5. g3 {[%clk 01:31:34]} {[%emt 00:00:29]}
Nc6 {[%clk 01:26:37]} {[%emt 00:02:37]} 6. Bg2 {[%clk 01:31:35]} {[%emt
00:00:29]} O-O {[%clk 01:26:24]} {[%emt 00:00:42]} 7. O-O {[%clk 01:31:39]}
{[%emt 00:00:26]} a6 {[%clk 01:24:33]} {[%emt 00:02:21]} 8. d5 {[%clk
01:22:54]} {[%emt 00:09:15]} Nb8 {[%clk 01:22:22]} {[%emt 00:02:41]} 9. c4
{[%clk 01:21:40]} {[%emt 00:01:44]} e5 {[%clk 01:19:06]} {[%emt 00:03:46]} 10.
Nc3 {[%clk 01:13:00]} {[%emt 00:09:10]} Ne8 {[%clk 01:17:06]} {[%emt 00:02:30]}
11. e4 {[%clk 01:11:35]} {[%emt 00:01:55]} f5 {[%clk 01:16:27]} {[%emt
00:01:09]} 12. exf5 {[%clk 01:11:28]} {[%emt 00:00:37]} Bxf5 {[%clk 01:15:34]}
{[%emt 00:01:23]} 13. Nd2 {[%clk 01:11:06]} {[%emt 00:00:52]} g5 {[%clk
01:09:09]} {[%emt 00:06:54]} 14. Nde4 {[%clk 01:10:28]} {[%emt 00:01:08]} Nd7
{[%clk 01:09:20]} {[%emt 00:00:20]} 15. b4 {[%clk 01:08:16]} {[%emt 00:02:43]}
h6 {[%clk 01:07:57]} {[%emt 00:01:52]} 16. c5 {[%clk 01:02:51]} {[%emt
00:05:55]} b6 {[%clk 01:05:28]} {[%emt 00:02:59]} 17. cxb6 {[%clk 01:00:06]}
{[%emt 00:03:15]} Nxb6 {[%clk 00:59:31]} {[%emt 00:06:27]} 18. Qe2 {[%clk
00:54:50]} {[%emt 00:05:46]} Nf6 {[%clk 00:55:42]} {[%emt 00:04:18]} 19. Rfd1
{[%clk 00:50:55]} {[%emt 00:04:26]} Qd7 {[%clk 00:53:50]} {[%emt 00:02:21]} 20.
Nxf6+ {[%clk 00:48:28]} {[%emt 00:02:58]} Rxf6 {[%clk 00:53:55]} {[%emt
00:00:25]} 21. Ne4 {[%clk 00:46:59]} {[%emt 00:01:59]} Rf7 {[%clk 00:53:57]}
{[%emt 00:00:28]} 22. Rac1 {[%clk 00:46:44]} {[%emt 00:00:44]} Raf8 {[%clk
00:50:45]} {[%emt 00:03:42]} 23. Rd2 {[%clk 00:45:43]} {[%emt 00:01:33]} Qb5
{[%clk 00:43:43]} {[%emt 00:07:31]} 24. a3 {[%clk 00:40:29]} {[%emt 00:05:45]}
Kh8 {[%clk 00:40:53]} {[%emt 00:03:19]} 25. Qh5 {[%clk 00:29:12]} {[%emt
00:11:47]} Kg8 {[%clk 00:37:14]} {[%emt 00:04:09]} 26. Bf1 {[%clk 00:26:21]}
{[%emt 00:03:20]} Qd7 {[%clk 00:36:47]} {[%emt 00:00:57]} 27. Qe2 {[%clk
00:26:33]} {[%emt 00:00:18]} Kh8 {[%clk 00:33:18]} {[%emt 00:03:59]} 28. Qe3
{[%clk 00:20:51]} {[%emt 00:06:12]} Bg6 {[%clk 00:30:02]} {[%emt 00:03:46]} 29.
Bg2 {[%clk 00:07:57]} {[%emt 00:13:24]} Qb5 {[%clk 00:29:39]} {[%emt 00:00:54]}
30. Qb3 {[%clk 00:07:26]} {[%emt 00:01:00]} a5 {[%clk 00:25:35]} {[%emt
00:04:34]} 31. Rcc2 {[%clk 00:02:05]} {[%emt 00:05:52]} axb4 {[%clk 00:23:31]}
{[%emt 00:02:34]} 32. Qxb4 {[%clk 00:02:30]} {[%emt 00:00:05]} Qxb4 {[%clk
00:23:24]} {[%emt 00:00:36]} 33. axb4 {[%clk 00:02:58]} {[%emt 00:00:02]} Ra8
{[%clk 00:23:21]} {[%emt 00:00:33]} 34. Rc6 {[%clk 00:02:38]} {[%emt 00:00:50]}
Na4 {[%clk 00:21:51]} {[%emt 00:02:00]} 35. Ba3 {[%clk 00:01:22]} {[%emt
00:01:47]} g4 {[%clk 00:16:59]} {[%emt 00:05:21]} 36. Rdc2 {[%clk 00:01:38]}
{[%emt 00:00:15]} Nc5 {[%clk 00:14:49]} {[%emt 00:02:40]} 37. bxc5 {[%clk
00:01:39]} {[%emt 00:00:28]} Rxa3 {[%clk 00:15:11]} {[%emt 00:00:08]} 38. cxd6
{[%clk 00:01:46]} {[%emt 00:00:24]} cxd6 {[%clk 00:15:38]} {[%emt 00:00:02]} 39.
Nxd6 {[%clk 00:00:58]} {[%emt 00:01:18]} Rd7 {[%clk 00:10:51]} {[%emt
00:05:17]} 40. Rc1 {[%clk 00:01:24]} {[%emt 00:00:05]} Kh7 {[%clk 00:10:55]}
{[%emt 00:00:26]} 41. Nc4 {[%clk 00:01:12]} {[%emt 00:00:42]} Raa7 {[%clk
00:10:29]} {[%emt 00:00:55]} 42. Nb6 {[%clk 00:01:15]} {[%emt 00:00:27]} Rd8
{[%clk 00:10:43]} {[%emt 00:00:16]} 43. d6 {[%clk 00:01:11]} {[%emt 00:00:35]}
Be8 {[%clk 00:10:01]} {[%emt 00:01:11]} 44. Be4+ {[%clk 00:01:22]} {[%emt
00:00:20]} Bg6 {[%clk 00:10:06]} {[%emt 00:00:25]} 45. Bxg6+ {[%clk 00:00:43]}
{[%emt 00:01:09]} Kxg6 {[%clk 00:10:31]} {[%emt 00:00:04]} 46. d7+ {[%clk
00:01:06]} {[%emt 00:00:07]} Kf7 {[%clk 00:10:46]} {[%emt 00:00:15]} 47. Rc8
{[%clk 00:01:01]} {[%emt 00:00:35]} Bf6 {[%clk 00:09:17]} {[%emt 00:01:59]} 48.
R1c6 {[%clk 00:01:26]} {[%emt 00:00:05]} Bg5 {[%clk 00:09:44]} {[%emt
00:00:03]} 49. Kg2 {[%clk 00:00:42]} {[%emt 00:01:15]} Rb7 {[%clk 00:08:29]}
{[%emt 00:01:45]} 50. Nc4 {[%clk 00:00:48]} {[%emt 00:00:22]} Rbxd7 {[%clk
00:08:01]} {[%emt 00:00:59]} 51. Nxe5+ {[%clk 00:01:16]} {[%emt 00:00:02]} Kg7
{[%clk 00:08:06]} {[%emt 00:00:25]} 52. Nxd7 {[%clk 00:01:43]} {[%emt
00:00:03]} Rxd7 {[%clk 00:08:32]} {[%emt 00:00:05]} 53. Rc4 {[%clk 00:01:37]}
{[%emt 00:00:35]} h5 {[%clk 00:08:47]} {[%emt 00:00:15]} 54. R8c5 {[%clk
00:01:56]} {[%emt 00:00:10]} Kg6 {[%clk 00:09:10]} {[%emt 00:00:08]} 55. Rc6+
{[%clk 00:02:23]} {[%emt 00:00:03]} Bf6 {[%clk 00:09:33]} {[%emt 00:00:06]} 56.
Ra4 {[%clk 00:02:30]} {[%emt 00:00:25]} Rd5 {[%clk 00:09:44]} {[%emt 00:00:19]}
57. Rf4 {[%clk 00:02:27]} {[%emt 00:00:33]} Rf5 {[%clk 00:10:09]} {[%emt
00:00:05]} 58. Rxf5 {[%clk 00:02:45]} {[%emt 00:00:11]} Kxf5 {[%clk 00:10:35]}
{[%emt 00:00:04]} 59. Kf1 {[%clk 00:03:04]} {[%emt 00:00:12]} Bd4 {[%clk
00:10:52]} {[%emt 00:00:12]} 60. Rh6 {[%clk 00:03:26]} {[%emt 00:00:07]} Kg5
{[%clk 00:11:18]} {[%emt 00:00:05]} 61. Rd6 {[%clk 00:03:53]} {[%emt 00:00:03]}
Ba7 {[%clk 00:11:44]} {[%emt 00:00:05]} 62. Rd7 {[%clk 00:04:13]} {[%emt
00:00:10]} Bb8 {[%clk 00:12:03]} {[%emt 00:00:10]} 63. Ke2 {[%clk 00:04:40]}
{[%emt 00:00:04]} Be5 {[%clk 00:12:25]} {[%emt 00:00:07]} 64. Rd5 {[%clk
00:04:53]} {[%emt 00:00:16]} Kf6 {[%clk 00:12:49]} {[%emt 00:00:06]} 65. Ke3
{[%clk 00:05:19]} {[%emt 00:00:06]} 1-0